LEADER 01118nam2-2200397---450- 001 990003433320203316 005 20100804091512.0 010 $a3-423-05945-1 035 $a000343332 035 $aUSA01000343332 035 $a(ALEPH)000343332USA01 035 $a000343332 100 $a20100804d1984----km-y0itay50------ba 101 $ager 102 $aDE 105 $a||||||||001yy 200 1 $a<> : L-Mythisch$fJacob Grimm und Wilhelm Grimm$gbearbeitet von Moriz Heyne 210 $aMünchen$cDeutscher Taschenbuch Verlag$d1984 215 $aVIII, 2848 col.$d24 cm 225 2 $adtv 300 $aRipr. facs. del Bd. 6 dell'ed.: Leipzig : Hirzel, 1885 410 0$12001$adtv 454 1$12001 461 1$1001000343317$12001 606 0 $aLingua tedesca$xDizionari 676 $a433.51 700 1$aGRIMM,$bJakob$019471 702 $aHEYNE,$bMoriz 801 0$aIT$bsalbc$gISBD 912 $a990003433320203316 951 $aI.0.A.36/12$b1088/12 DSLL 959 $aBK 969 $aDSLL 979 $aDSLL$b90$c20100804$lUSA01$h0915 996 $aL-Mythisch$91110063 997 $aUNISA